| 000 | 00319nam a22001217a 4500 | ||
|---|---|---|---|
| 020 | _a978-1-493-97621-8 | ||
| 082 |
_a575:631.52 _bBLU |
||
| 100 | _aBLUM (Abraham) | ||
| 245 | _aPlant breeding for water-limited environments | ||
| 260 |
_aNew York _bSpringer Science Business media _c2011 |
||
| 300 | _a255p. | ||
| 942 | _cBK | ||
| 999 |
_c74680 _d74680 |
||